[Event "Larsen Nordjyske Memorial"]
[Site "Aalborg"]
[Date "2014.10.16"]
[Round "4"]
[White "Kristiansen, Jens"]
[Black "Pedersen, Svend"]
[Result "1-0"]
[WhiteElo "2405"]
[BlackElo "2230"]
[PlyCount "28"]
[EventDate "2014.10.13"]
[EventType "swiss"]
[EventRounds "7"]
[EventCountry "DEN"]
[SourceTitle "EXT 2015"]
[Source "ChessBase"]
[SourceDate "2014.11.20"]

1. d4 d6 2. Nf3 g6 3. c4 Bg7 4. Nc3 e5 5. dxe5 dxe5 6. Qxd8+ Kxd8 7. Bd2 f6 8.
O-O-O Bd7 9. Ne4 Ke8 10. e3 Nh6 11. Bc3 Nf7 12. Be2 Bf5 13. Nfd2 Nd7 14. g4 Be6
1-0

[Event "Larsen Nordjyske Memorial"]
[Site "Aalborg"]
[Date "2014.10.14"]
[Round "2"]
[White "Kristiansen, Jens"]
[Black "Kristiansen, Erling"]
[Result "1-0"]
[WhiteElo "2405"]
[BlackElo "2183"]
[PlyCount "57"]
[EventDate "2014.10.13"]
[EventType "swiss"]
[EventRounds "7"]
[EventCountry "DEN"]
[SourceTitle "EXT 2015"]
[Source "ChessBase"]
[SourceDate "2014.11.20"]

1. d4 Nf6 2. c4 e6 3. Nc3 d5 4. Bg5 Nbd7 5. cxd5 exd5 6. e3 Be7 7. Bd3 O-O 8.
Qc2 c6 9. Nge2 Re8 10. O-O Ne4 11. Bf4 Nxc3 12. bxc3 Nf8 13. c4 dxc4 14. Bxc4
Ng6 15. Bg3 Bd6 16. Rab1 Re7 17. Rfd1 Bxg3 18. Nxg3 Rc7 19. Qe2 Qe7 20. f4 Bd7
21. f5 Nh4 22. e4 Qg5 23. Rf1 Re8 24. Qf2 Bc8 25. e5 b5 26. Bb3 c5 27. Ne4 Qd8
28. Nd6 cxd4 29. Nxe8 1-0

[Event "Larsen Nordjyske Memorial"]
[Site "Aalborg"]
[Date "2014.10.14"]
[Round "2"]
[White "Lauridsen, Jesper Morch"]
[Black "Christiansen, Jens Jorgen"]
[Result "1/2-1/2"]
[WhiteElo "2295"]
[BlackElo "2122"]
[PlyCount "50"]
[EventDate "2014.10.13"]
[EventType "swiss"]
[EventRounds "7"]
[EventCountry "DEN"]
[SourceTitle "EXT 2015"]
[Source "ChessBase"]
[SourceDate "2014.11.20"]

1. e4 c6 2. d4 d5 3. exd5 cxd5 4. c4 Nf6 5. Nc3 g6 6. Nf3 Bg7 7. Be2 O-O 8. O-O
Nc6 9. Re1 Bg4 10. cxd5 Nxd5 11. h3 Bxf3 12. Bxf3 e6 13. Bxd5 exd5 14. Be3 Qd7
15. Qf3 Rad8 16. Red1 h6 17. Rac1 Rfe8 18. Na4 b6 19. Nc3 Re6 20. Ne2 Ne7 21.
Nf4 Rc6 22. g4 Rxc1 23. Rxc1 Nc6 24. Nxd5 Qxd5 25. Qxd5 Bf8 1/2-1/2

[Event "Larsen Nordjyske Memorial"]
[Site "Aalborg"]
[Date "2014.10.16"]
[Round "4"]
[White "Lauridsen, Jesper Morch"]
[Black "Pritchett, Craig William"]
[Result "1/2-1/2"]
[WhiteElo "2295"]
[BlackElo "2315"]
[PlyCount "74"]
[EventDate "2014.10.13"]
[EventType "swiss"]
[EventRounds "7"]
[EventCountry "DEN"]
[SourceTitle "EXT 2015"]
[Source "ChessBase"]
[SourceDate "2014.11.20"]

1. e4 c5 2. d4 cxd4 3. c3 d3 4. Bxd3 d6 5. Nf3 Nc6 6. O-O Nf6 7. c4 e6 8. Nc3
Be7 9. h3 O-O 10. Be3 b6 11. Rc1 Bb7 12. Qe2 Rc8 13. Rfd1 Nd7 14. Bb1 Nde5 15.
Nxe5 Nxe5 16. Bd4 Ng6 17. g3 Bg5 18. f4 e5 19. fxg5 exd4 20. Nb5 Qxg5 21. Kh2
Qe5 22. Qd3 a6 23. Nxd4 Rce8 24. Nf5 Qxb2+ 25. Rc2 Qf6 26. Rf2 Bxe4 27. Nh6+
gxh6 28. Rxf6 Bxd3 29. Bxd3 Re6 30. Rxe6 fxe6 31. Bxg6 hxg6 32. Rxd6 Rf2+ 33.
Kg1 Rxa2 34. Rxe6 Rb2 35. c5 bxc5 36. Rxg6+ Kh7 37. Rxa6 Rc2 1/2-1/2

[Event "Larsen Nordjyske Memorial"]
[Site "Aalborg"]
[Date "2014.10.18"]
[Round "6"]
[White "Lauridsen, Jesper Morch"]
[Black "Nielsen, John Bauneborg"]
[Result "1-0"]
[WhiteElo "2295"]
[BlackElo "2154"]
[PlyCount "49"]
[EventDate "2014.10.13"]
[EventType "swiss"]
[EventRounds "7"]
[EventCountry "DEN"]
[SourceTitle "EXT 2015"]
[Source "ChessBase"]
[SourceDate "2014.11.20"]

1. e4 g6 2. d4 Bg7 3. Nc3 e6 4. Nf3 Ne7 5. Be3 a6 6. Qd2 h6 7. d5 exd5 8. Nxd5
Nbc6 9. O-O-O d6 10. h3 Be6 11. Bc4 Qd7 12. Rhe1 g5 13. h4 g4 14. Nd4 Ne5 15.
Nxc7+ Qxc7 16. Bxe6 N7g6 17. Bb3 Nxh4 18. Rh1 Nxg2 19. Nf5 Nxe3 20. Qxe3 Bf6
21. Rxh6 Ng6 22. Nxd6+ Kf8 23. Nxf7 Kg7 24. Nxh8 Rxh8 25. Rxh8 1-0

[Event "Larsen Nordjyske Memorial"]
[Site "Aalborg"]
[Date "2014.10.14"]
[Round "2"]
[White "Malmdin, Nils Ake"]
[Black "Rooze, Jan"]
[Result "0-1"]
[WhiteElo "2208"]
[BlackElo "2341"]
[PlyCount "58"]
[EventDate "2014.10.13"]
[EventType "swiss"]
[EventRounds "7"]
[EventCountry "DEN"]
[SourceTitle "EXT 2015"]
[Source "ChessBase"]
[SourceDate "2014.11.20"]

1. e4 c5 2. f4 e6 3. Nf3 a6 4. d3 d5 5. Nbd2 Nf6 6. Qe2 Nc6 7. c3 Be7 8. g3 O-O
9. e5 Ne8 10. h4 f6 11. Bh3 Nc7 12. Nf1 b5 13. Bd2 b4 14. cxb4 fxe5 15. fxe5
Nb5 16. Bf4 Nbd4 17. Nxd4 Nxd4 18. Qf2 Qb6 19. O-O-O cxb4 20. Kb1 Bd7 21. Ne3
b3 22. axb3 Nxb3 23. d4 Rac8 24. Rd3 Qb5 25. Rhd1 Qa4 26. Nc2 Rxc2 27. Kxc2
Rc8+ 28. Rc3 Rxc3+ 29. Kxc3 Qc4# 0-1

[Event "Larsen Nordjyske Memorial"]
[Site "Aalborg"]
[Date "2014.10.17"]
[Round "5"]
[White "Nielsen, John Bauneborg"]
[Black "Malmdin, Nils Ake"]
[Result "1/2-1/2"]
[WhiteElo "2154"]
[BlackElo "2208"]
[PlyCount "47"]
[EventDate "2014.10.13"]
[EventType "swiss"]
[EventRounds "7"]
[EventCountry "DEN"]
[SourceTitle "EXT 2015"]
[Source "ChessBase"]
[SourceDate "2014.11.20"]

1. d4 d6 2. g3 g6 3. Bg2 Bg7 4. c4 Nc6 5. d5 Nb8 6. e4 c6 7. Ne2 Nd7 8. O-O h5
9. h3 Nh6 10. Nbc3 Ne5 11. b3 h4 12. f4 Qb6+ 13. Kh1 Nhg4 14. fxe5 hxg3 15. e6
Nf2+ 16. Rxf2 Qxf2 17. Qg1 fxe6 18. dxc6 bxc6 19. Be3 Qxg1+ 20. Kxg1 e5 21.
Nxg3 Bxh3 22. Bxh3 Rxh3 23. Kg2 Rh7 24. Rf1 1/2-1/2

[Event "Larsen Nordjyske Memorial"]
[Site "Aalborg"]
[Date "2014.10.18"]
[Round "6"]
[White "Nyberg, Ulf"]
[Black "Pedersen, Svend"]
[Result "1-0"]
[WhiteElo "2135"]
[BlackElo "2230"]
[PlyCount "60"]
[EventDate "2014.10.13"]
[EventType "swiss"]
[EventRounds "7"]
[EventCountry "DEN"]
[SourceTitle "EXT 2015"]
[Source "ChessBase"]
[SourceDate "2014.11.20"]

1. d4 d6 2. Nf3 g6 3. c4 Bg7 4. Nc3 Nd7 5. e4 e5 6. Be2 Ngf6 7. O-O O-O 8. d5
Nc5 9. Qc2 a5 10. Bg5 h6 11. Be3 b6 12. Nd2 Ng4 13. Bxg4 Bxg4 14. a3 Bd7 15. b4
Nb7 16. Rfc1 f5 17. f3 f4 18. Bf2 Qe7 19. Nd1 Rfc8 20. Nb2 Bf8 21. Nd3 g5 22.
c5 dxc5 23. bxc5 Bb5 24. d6 Qe6 25. d7 Rd8 26. c6 Nc5 27. Nxc5 bxc5 28. Bxc5
Ra6 29. Bxf8 Rxf8 30. Qc5 Raa8 1-0

[Event "Larsen Nordjyske Memorial"]
[Site "Aalborg"]
[Date "2014.10.14"]
[Round "2"]
[White "Nyberg, Ulf"]
[Black "Wahlbom, Magnus"]
[Result "1/2-1/2"]
[WhiteElo "2135"]
[BlackElo "2283"]
[PlyCount "44"]
[EventDate "2014.10.13"]
[EventType "swiss"]
[EventRounds "7"]
[EventCountry "DEN"]
[SourceTitle "EXT 2015"]
[Source "ChessBase"]
[SourceDate "2014.11.20"]

1. d4 Nf6 2. c4 e6 3. Nc3 Bb4 4. e3 c5 5. Bd3 Nc6 6. Nge2 cxd4 7. exd4 d5 8.
O-O dxc4 9. Bxc4 O-O 10. Bg5 Be7 11. a3 b6 12. Qd3 Bb7 13. Rad1 Qc7 14. Ba2
Rad8 15. Qh3 Rfe8 16. Bb1 g6 17. Qh4 Kg7 18. Rfe1 Ng8 19. Bxe7 Qxe7 20. Qxe7
Ngxe7 21. Ba2 Ba6 22. b4 Bxe2 1/2-1/2

[Event "Larsen Nordjyske Memorial"]
[Site "Aalborg"]
[Date "2014.10.19"]
[Round "7"]
[White "Nyberg, Ulf"]
[Black "Borsos, Bogdan"]
[Result "0-1"]
[WhiteElo "2135"]
[BlackElo "2228"]
[PlyCount "96"]
[EventDate "2014.10.13"]
[EventType "swiss"]
[EventRounds "7"]
[EventCountry "DEN"]
[SourceTitle "EXT 2015"]
[Source "ChessBase"]
[SourceDate "2014.11.20"]

1. d4 d5 2. c4 e6 3. Nc3 c5 4. cxd5 exd5 5. Nf3 Nc6 6. g3 Nf6 7. Bg2 Be7 8. O-O
O-O 9. Bg5 c4 10. b3 cxb3 11. Qxb3 Na5 12. Qb5 Be6 13. Rac1 a6 14. Qd3 Rc8 15.
Ne5 h6 16. Bxf6 Bxf6 17. f4 Nc6 18. e3 Bxe5 19. fxe5 Qa5 20. Rf2 Rfd8 21. Rb2
b5 22. Qd2 Qa3 23. Rb3 Qa5 24. Rb2 Qa3 25. Rb3 Qe7 26. Ne2 b4 27. Nf4 a5 28.
Rc5 Qg5 29. Rb1 Ne7 30. Rbc1 Ra8 31. Qf2 h5 32. Rc7 Nf5 33. Nxe6 fxe6 34. e4
Ne3 35. h4 Qh6 36. exd5 Rf8 37. Qd2 exd5 38. R1c6 g6 39. Bxd5+ Kh8 40. Bc4 Rf3
41. Rc8+ Rxc8 42. Rxc8+ Kg7 43. Qe1 Nf5 44. Rc7+ Kf8 45. Rf7+ Ke8 46. Rxf5 gxf5
47. Kg2 Qe3 48. Qxe3 Rxe3 0-1

[Event "Larsen Nordjyske Memorial"]
[Site "Aalborg"]
[Date "2014.10.13"]
[Round "1"]
[White "Okhotnik, Vladimir"]
[Black "Hvenekilde, Jorgen"]
[Result "1-0"]
[WhiteElo "2406"]
[BlackElo "2087"]
[PlyCount "85"]
[EventDate "2014.10.13"]
[EventType "swiss"]
[EventRounds "7"]
[EventCountry "DEN"]
[SourceTitle "EXT 2015"]
[Source "ChessBase"]
[SourceDate "2014.11.20"]

1. d4 g6 2. e4 Bg7 3. h4 c5 4. dxc5 Na6 5. Bxa6 Qa5+ 6. Bd2 Qxa6 7. Bc3 Nf6 8.
Qd3 Qc6 9. h5 O-O 10. hxg6 fxg6 11. Nd2 Qxc5 12. O-O-O d6 13. f4 Bg4 14. Rf1
Rac8 15. Nh3 Rfd8 16. Bd4 Qc6 17. Qb3+ d5 18. Ng5 h6 19. Ngf3 Qa6 20. Ne5 Kh7
21. Nxg4 Nxg4 22. e5 h5 23. f5 Bh6 24. Kd1 Bxd2 25. Kxd2 Qc4 26. Rf4 Qxb3 27.
axb3 Nh6 28. fxg6+ Kxg6 29. Bxa7 Rf8 30. Rb4 Rf5 31. Bd4 Rg5 32. Rh2 Nf5 33.
Bf2 Rc7 34. Rb6+ Kf7 35. c3 e6 36. b4 Re7 37. Kc2 Kg6 38. Bc5 Re8 39. Rxb7 Ng3
40. Re7 Rxe7 41. Bxe7 Rxe5 42. Bd6 Rg5 43. b5 1-0

[Event "Larsen Nordjyske Memorial"]
[Site "Aalborg"]
[Date "2014.10.17"]
[Round "5"]
[White "Okhotnik, Vladimir"]
[Black "Lauridsen, Jesper Morch"]
[Result "1-0"]
[WhiteElo "2406"]
[BlackElo "2295"]
[PlyCount "63"]
[EventDate "2014.10.13"]
[EventType "swiss"]
[EventRounds "7"]
[EventCountry "DEN"]
[SourceTitle "EXT 2015"]
[Source "ChessBase"]
[SourceDate "2014.11.20"]

1. e4 e6 2. d4 d5 3. exd5 exd5 4. Nf3 Nf6 5. c4 Nc6 6. c5 Qe7+ 7. Be2 g6 8. O-O
Bg7 9. Re1 O-O 10. Nc3 Be6 11. Bb5 Ne4 12. Nxe4 dxe4 13. Rxe4 Rad8 14. Bg5 Bf6
15. Bxc6 bxc6 16. Qd2 Rd5 17. Bxf6 Qxf6 18. Rae1 Rh5 19. Re5 Bxa2 20. Rxh5 gxh5
21. Re5 Bd5 22. Rg5+ Kh8 23. Ne5 Rg8 24. h4 h6 25. Rxg8+ Kxg8 26. Qe3 Qxh4 27.
Qxh6 Qxd4 28. Qg5+ Kf8 29. Nd7+ Ke8 30. Nf6+ Kf8 31. Qg8+ Ke7 32. Qe8+ 1-0

[Event "Larsen Nordjyske Memorial"]
[Site "Aalborg"]
[Date "2014.10.19"]
[Round "7"]
[White "Okhotnik, Vladimir"]
[Black "Kristiansen, Jens"]
[Result "1/2-1/2"]
[WhiteElo "2406"]
[BlackElo "2405"]
[PlyCount "30"]
[EventDate "2014.10.13"]
[EventType "swiss"]
[EventRounds "7"]
[EventCountry "DEN"]
[SourceTitle "EXT 2015"]
[Source "ChessBase"]
[SourceDate "2014.11.20"]

1. e4 g6 2. d4 Bg7 3. Nf3 d6 4. Nc3 Nf6 5. Be2 O-O 6. O-O e6 7. Be3 h6 8. Nd2
Nc6 9. h3 e5 10. dxe5 dxe5 11. Nb3 b6 12. Qxd8 Rxd8 13. Rfd1 Be6 14. Rxd8+ Rxd8
15. Rd1 Rxd1+ 1/2-1/2

[Event "Larsen Nordjyske Memorial"]
[Site "Aalborg"]
[Date "2014.10.15"]
[Round "3"]
[White "Okhotnik, Vladimir"]
[Black "Nyberg, Ulf"]
[Result "1-0"]
[WhiteElo "2406"]
[BlackElo "2135"]
[PlyCount "93"]
[EventDate "2014.10.13"]
[EventType "swiss"]
[EventRounds "7"]
[EventCountry "DEN"]
[SourceTitle "EXT 2015"]
[Source "ChessBase"]
[SourceDate "2014.11.20"]

1. Nf3 d6 2. d4 g6 3. Nc3 Bg7 4. e4 Nf6 5. Be2 O-O 6. O-O c5 7. dxc5 dxc5 8.
Bg5 Nc6 9. h3 Be6 10. Be3 b6 11. Ng5 Qd7 12. f4 Rad8 13. e5 Nd5 14. Nxe6 fxe6
15. Nxd5 exd5 16. h4 e6 17. a4 Qe7 18. g3 Bh6 19. Ra3 c4 20. Bf2 Qb4 21. Qa1
Rf7 22. Bg4 Qe7 23. Re3 Qd7 24. Re2 Bf8 25. h5 Ne7 26. hxg6 hxg6 27. a5 b5 28.
a6 Nf5 29. Kg2 Qc6 30. Qa5 Rb8 31. b4 cxb3 32. cxb3 Rc8 33. Bf3 Qc3 34. Qxb5 d4
35. Rd1 Bc5 36. Rd3 Qc1 37. Bb7 Rb8 38. Qc6 Re7 39. g4 Ne3+ 40. Bxe3 dxe3 41.
b4 Qb1 42. Qe4 Qxb4 43. Qxg6+ Rg7 44. Qxe6+ Kf8 45. Qf6+ Kg8 46. Bd5+ Kh7 47.
Qh4+ 1-0

[Event "Larsen Nordjyske Memorial"]
[Site "Aalborg"]
[Date "2014.10.16"]
[Round "4"]
[White "Olesen, Poul Erik Norgaard"]
[Black "Sorensen, Bent"]
[Result "1-0"]
[WhiteElo "2057"]
[BlackElo "2243"]
[PlyCount "79"]
[EventDate "2014.10.13"]
[EventType "swiss"]
[EventRounds "7"]
[EventCountry "DEN"]
[SourceTitle "EXT 2015"]
[Source "ChessBase"]
[SourceDate "2014.11.20"]

1. e4 d5 2. exd5 Qxd5 3. Nc3 Qd6 4. d4 Nf6 5. Nf3 a6 6. g3 Bg4 7. Bg2 Nc6 8. d5
Nb4 9. Bf4 Qc5 10. h3 Bxf3 11. Bxf3 O-O-O 12. Be3 Qa5 13. a3 Nbxd5 14. b4 Nxe3
15. Bxb7+ Kxb7 16. Qf3+ c6 17. bxa5 Nxc2+ 18. Kf1 Nxa1 19. Na4 e5 20. Kg2 Rd5
21. Rxa1 Rxa5 22. Qb3+ Rb5 23. Qxf7+ Kb8 24. Qe6 Kc7 25. Rc1 Bd6 26. Qc4 c5 27.
Nc3 Rb7 28. Qxa6 Rhb8 29. a4 Kd7 30. Rd1 Rb6 31. Qc4 Ke7 32. Nb5 Rc8 33. f4 e4
34. a5 Ra6 35. f5 Bb8 36. Nc7 Rc6 37. Nd5+ Nxd5 38. Qxe4+ Kf8 39. Rxd5 c4 40.
Rd7 1-0

[Event "Larsen Nordjyske Memorial"]
[Site "Aalborg"]
[Date "2014.10.17"]
[Round "5"]
[White "Pedersen, Jan Rode"]
[Black "Borsos, Bogdan"]
[Result "1/2-1/2"]
[WhiteElo "2195"]
[BlackElo "2228"]
[PlyCount "87"]
[EventDate "2014.10.13"]
[EventType "swiss"]
[EventRounds "7"]
[EventCountry "DEN"]
[SourceTitle "EXT 2015"]
[Source "ChessBase"]
[SourceDate "2014.11.20"]

1. e4 e5 2. Nf3 Nc6 3. d4 exd4 4. Nxd4 Bc5 5. Nxc6 Qf6 6. Qf3 dxc6 7. Be2 Qg6
8. Nc3 Nf6 9. h3 O-O 10. Bd2 Re8 11. Bd3 Nxe4 12. O-O-O Nxd2 13. Rxd2 Qh6 14.
Rhd1 Bb4 15. Bc4 Be6 16. Bxe6 Rxe6 17. Kb1 Rd6 18. Rd3 Bxc3 19. Rxc3 Qf6 20.
Re1 Qxf3 21. Rxf3 Rad8 22. c3 Kf8 23. Rfe3 Rd2 24. R1e2 g6 25. Kc1 Rxe2 26.
Rxe2 Re8 27. Rd2 Re1+ 28. Kc2 Ke7 29. Rd3 Re2+ 30. Rd2 Rxd2+ 31. Kxd2 Ke6 32.
Ke2 a5 33. b3 Kd5 34. Kd3 b5 35. a3 g5 36. g3 h5 37. f3 Ke5 38. Ke3 c5 39. c4
c6 40. a4 bxa4 41. bxa4 f5 42. f4+ gxf4+ 43. gxf4+ Kf6 44. h4 1/2-1/2

[Event "Larsen Nordjyske Memorial"]
[Site "Aalborg"]
[Date "2014.10.15"]
[Round "3"]
[White "Pedersen, Jan Rode"]
[Black "Davidsen, Niels Chr"]
[Result "1/2-1/2"]
[WhiteElo "2195"]
[BlackElo "2016"]
[PlyCount "108"]
[EventDate "2014.10.13"]
[EventType "swiss"]
[EventRounds "7"]
[EventCountry "DEN"]
[SourceTitle "EXT 2015"]
[Source "ChessBase"]
[SourceDate "2014.11.20"]

1. e4 c5 2. Nf3 Nc6 3. d4 cxd4 4. Nxd4 Nf6 5. Nc3 e5 6. Ndb5 d6 7. Bg5 a6 8.
Na3 b5 9. Bxf6 gxf6 10. Nd5 Bg7 11. c3 O-O 12. Nc2 f5 13. exf5 Bxf5 14. Nce3
Be6 15. a4 bxa4 16. Rxa4 a5 17. Bb5 Ne7 18. O-O Nxd5 19. Nxd5 Qg5 20. h4 Qd8
21. Qd2 f5 22. Be2 Rc8 23. h5 h6 24. Rfa1 f4 25. Bf3 Rc5 26. c4 Bf5 27. Re1 Kh8
28. Nc3 Qb6 29. Be4 Bd7 30. Rea1 Qd8 31. R4a3 Bg4 32. f3 Bxh5 33. b3 Bf6 34.
Rd1 Be7 35. Nd5 Rg8 36. Nxe7 Qxe7 37. Qxd6 Qg5 38. Ra2 Rcc8 39. Rad2 Rce8 40.
Qc7 Rg7 41. Qxa5 Reg8 42. Qb6 Bg6 43. Re1 Qh4 44. Qf2 Qh5 45. Bd5 Bf7 46. Bxf7
Rxf7 47. Qc5 Rf5 48. Qe7 Rfg5 49. Qf6+ R8g7 50. Qc6 Qh3 51. Rd8+ Kh7 52. Qe4+
R7g6 53. Qb7+ Rg7 54. Qe4+ R7g6 1/2-1/2

[Event "Larsen Nordjyske Memorial"]
[Site "Aalborg"]
[Date "2014.10.19"]
[Round "7"]
[White "Pedersen, Jan Rode"]
[Black "Malmdin, Nils Ake"]
[Result "1-0"]
[WhiteElo "2195"]
[BlackElo "2208"]
[PlyCount "73"]
[EventDate "2014.10.13"]
[EventType "swiss"]
[EventRounds "7"]
[EventCountry "DEN"]
[SourceTitle "EXT 2015"]
[Source "ChessBase"]
[SourceDate "2014.11.20"]

1. e4 g6 2. d4 c5 3. dxc5 Bg7 4. Nc3 Qa5 5. Bd2 Qxc5 6. Nd5 b6 7. Bb4 Qc6 8.
Bb5 Qb7 9. Bc3 f6 10. Qe2 a6 11. Bc4 b5 12. Bb3 Nc6 13. a3 Rb8 14. Nf3 d6 15.
O-O Nh6 16. Nd4 Nxd4 17. Bxd4 Nf7 18. f4 Bd7 19. e5 dxe5 20. fxe5 Nxe5 21. Bxe5
fxe5 22. Nxe7 Qb6+ 23. Kh1 Be6 24. Nd5 Bxd5 25. Bxd5 Rf8 26. Rxf8+ Kxf8 27.
Rf1+ Bf6 28. Qxe5 Kg7 29. Qf4 Bxb2 30. g4 Qd8 31. Qd2 Bf6 32. h4 Rb7 33. g5 Be5
34. Qg2 Rd7 35. Bb3 Rd2 36. Rf7+ Kh8 37. Qxd2 1-0

[Event "Larsen Nordjyske Memorial"]
[Site "Aalborg"]
[Date "2014.10.15"]
[Round "3"]
[White "Pedersen, Svend"]
[Black "Sloth, Jorn"]
[Result "1/2-1/2"]
[WhiteElo "2230"]
[BlackElo "2318"]
[PlyCount "30"]
[EventDate "2014.10.13"]
[EventType "swiss"]
[EventRounds "7"]
[EventCountry "DEN"]
[SourceTitle "EXT 2015"]
[Source "ChessBase"]
[SourceDate "2014.11.20"]

1. e4 c5 2. Nc3 g6 3. g3 Bg7 4. Bg2 Nc6 5. d3 d6 6. Nh3 Nf6 7. O-O O-O 8. f4
Bg4 9. Qd2 Nd4 10. Kh1 Rb8 11. Nd1 Qc8 12. Ng1 Bd7 13. c3 Nc6 14. Ne3 Ne8 15.
f5 Ne5 1/2-1/2

[Event "Larsen Nordjyske Memorial"]
[Site "Aalborg"]
[Date "2014.10.13"]
[Round "1"]
[White "Pritchett, Craig William"]
[Black "Willumsen, Henrik"]
[Result "1-0"]
[WhiteElo "2315"]
[BlackElo "2026"]
[PlyCount "52"]
[EventDate "2014.10.13"]
[EventType "swiss"]
[EventRounds "7"]
[EventCountry "DEN"]
[SourceTitle "EXT 2015"]
[Source "ChessBase"]
[SourceDate "2014.11.20"]

1. Nf3 Nf6 2. c4 g6 3. Nc3 Bg7 4. e4 d6 5. d4 O-O 6. Be2 e5 7. Be3 Nbd7 8. O-O
c6 9. d5 Qe7 10. Ne1 Nc5 11. Bf3 cxd5 12. cxd5 Bd7 13. b4 Na6 14. Nd3 Rac8 15.
Rc1 Rc4 16. b5 Nb4 17. Nb2 Rd4 18. Bxd4 exd4 19. Qxd4 Ng4 20. Qxb4 Nxh2 21.
Kxh2 Qh4+ 22. Kg1 Be5 23. Rfe1 Rc8 24. Nd3 Qh2+ 25. Kf1 Bh3 26. Nxe5 Ra8 1-0

[Event "Larsen Nordjyske Memorial"]
[Site "Aalborg"]
[Date "2014.10.19"]
[Round "7"]
[White "Pritchett, Craig William"]
[Black "Wahlbom, Magnus"]
[Result "1/2-1/2"]
[WhiteElo "2315"]
[BlackElo "2283"]
[PlyCount "41"]
[EventDate "2014.10.13"]
[EventType "swiss"]
[EventRounds "7"]
[EventCountry "DEN"]
[SourceTitle "EXT 2015"]
[Source "ChessBase"]
[SourceDate "2014.11.20"]

1. Nf3 Nf6 2. c4 e6 3. g3 b6 4. Bg2 Bb7 5. O-O c5 6. d4 cxd4 7. Qxd4 Be7 8. Nc3
d6 9. Rd1 a6 10. b3 Nbd7 11. Bb2 O-O 12. Rac1 Qc7 13. e4 Rad8 14. Qe3 Rfe8 15.
Nd4 Qb8 16. Qe2 Bf8 17. Re1 g6 18. Rcd1 Bg7 19. h3 Qa8 20. Ba3 d5 21. exd5
1/2-1/2

[Event "Larsen Nordjyske Memorial"]
[Site "Aalborg"]
[Date "2014.10.17"]
[Round "5"]
[White "Pritchett, Craig William"]
[Black "Hammar, Bengt"]
[Result "1-0"]
[WhiteElo "2315"]
[BlackElo "2199"]
[PlyCount "83"]
[EventDate "2014.10.13"]
[EventType "swiss"]
[EventRounds "7"]
[EventCountry "DEN"]
[SourceTitle "EXT 2015"]
[Source "ChessBase"]
[SourceDate "2014.11.20"]

1. Nf3 g6 2. e4 Bg7 3. d4 d6 4. Be2 Nd7 5. O-O e5 6. h3 Ngf6 7. Nc3 O-O 8. Re1
exd4 9. Nxd4 Nc5 10. Bf3 a5 11. Bg5 h6 12. Bh4 c6 13. Bg3 a4 14. Qd2 Qb6 15.
Rad1 Rd8 16. b3 axb3 17. axb3 Ne6 18. Nxe6 Bxe6 19. Bxd6 Ne8 20. e5 Nxd6 21.
exd6 Qb4 22. Ne4 Qxd2 23. Rxd2 Bd5 24. c4 Bxe4 25. Rxe4 Ra1+ 26. Kh2 Rb1 27. d7
Bf6 28. Rd6 Kg7 29. Bg4 Ra1 30. g3 h5 31. Bf3 Ra3 32. Bd1 Ra5 33. Kg2 Re5 34.
Bf3 Rxe4 35. Bxe4 Ra8 36. b4 Bd8 37. b5 Ra4 38. bxc6 bxc6 39. Rxc6 Ra7 40. Rd6
Rc7 41. Bc6 Kf8 42. Bb5 1-0

[Event "Larsen Nordjyske Memorial"]
[Site "Aalborg"]
[Date "2014.10.15"]
[Round "3"]
[White "Pritchett, Craig William"]
[Black "Kristiansen, Jens"]
[Result "1/2-1/2"]
[WhiteElo "2315"]
[BlackElo "2405"]
[PlyCount "56"]
[EventDate "2014.10.13"]
[EventType "swiss"]
[EventRounds "7"]
[EventCountry "DEN"]
[SourceTitle "EXT 2015"]
[Source "ChessBase"]
[SourceDate "2014.11.20"]

1. Nf3 g6 2. e4 Bg7 3. d4 d6 4. Nc3 Nf6 5. Be2 O-O 6. O-O a6 7. h3 e6 8. a4 Nc6
9. Be3 b6 10. Qd2 Bb7 11. Bg5 Qe8 12. Rfe1 e5 13. dxe5 dxe5 14. Bc4 Nb4 15.
Rad1 Kh8 16. Bb3 Rc8 17. Nd5 Nbxd5 18. exd5 Nd7 19. d6 f6 20. Be3 c5 21. Bd5
Bxd5 22. Qxd5 Qf7 23. Qb7 Ra8 24. Bd2 Rfb8 25. Qc6 Rc8 26. Qb7 Rcb8 27. Qc6 Rc8
28. Qe4 h6 1/2-1/2

[Event "Larsen Nordjyske Memorial"]
[Site "Aalborg"]
[Date "2014.10.15"]
[Round "3"]
[White "Rooze, Jan"]
[Black "Andreasen, Per Naesby"]
[Result "0-1"]
[WhiteElo "2341"]
[BlackElo "2252"]
[PlyCount "80"]
[EventDate "2014.10.13"]
[EventType "swiss"]
[EventRounds "7"]
[EventCountry "DEN"]
[SourceTitle "EXT 2015"]
[Source "ChessBase"]
[SourceDate "2014.11.20"]

1. e4 g6 2. d4 Bg7 3. Nc3 d6 4. Be3 a6 5. Qd2 b5 6. h4 h5 7. Nh3 Bb7 8. Ng5 Nd7
9. a4 c6 10. f4 Nh6 11. e5 e6 12. Nce4 Nf5 13. exd6 Nf6 14. Nc5 Nxd6 15. Be2
O-O 16. g4 hxg4 17. h5 gxh5 18. Nxb7 Nxb7 19. Qd3 Nd6 20. Rxh5 Nf5 21. Rh2 Qd5
22. Bf2 Rad8 23. O-O-O Qa2 24. c3 c5 25. Ne4 Nxe4 26. Qxe4 cxd4 27. Bxd4 Rxd4
28. Rxd4 Bxd4 29. axb5 axb5 30. Bxg4 Be3+ 31. Kc2 Qa4+ 32. Qxa4 bxa4 33. Bxf5
exf5 34. Rg2+ Kh7 35. Rg5 Bxf4 36. Rxf5 Bb8 37. Ra5 f5 38. Kd3 f4 39. Ke2 f3+
40. Kf2 Bg3+ 0-1

[Event "Larsen Nordjyske Memorial"]
[Site "Aalborg"]
[Date "2014.10.17"]
[Round "5"]
[White "Rooze, Jan"]
[Black "Andersson, Kaj"]
[Result "1-0"]
[WhiteElo "2341"]
[BlackElo "2010"]
[PlyCount "179"]
[EventDate "2014.10.13"]
[EventType "swiss"]
[EventRounds "7"]
[EventCountry "DEN"]
[SourceTitle "EXT 2015"]
[Source "ChessBase"]
[SourceDate "2014.11.20"]

1. e4 c5 2. Nf3 d6 3. Bb5+ Nd7 4. O-O a6 5. Bd3 g6 6. c3 Bg7 7. Bc2 b5 8. d4
Bb7 9. Re1 Ngf6 10. e5 dxe5 11. dxe5 Ng4 12. e6 Nde5 13. Nxe5 Nxe5 14. exf7+
Nxf7 15. Qxd8+ Rxd8 16. Be3 Rc8 17. Nd2 b4 18. cxb4 cxb4 19. Ba4+ Kf8 20. Rac1
Rxc1 21. Rxc1 Bxb2 22. Rc7 Bd5 23. Bb3 Bxb3 24. axb3 Nd6 25. Bc5 Bc3 26. Nf3 h6
27. Ra7 a5 28. Kf1 Ke8 29. Nd4 Rf8 30. Nc6 Rf7 31. Bxd6 exd6 32. Rxf7 Kxf7 33.
Nxa5 Ke6 34. Ke2 d5 35. Kd3 Kd6 36. Nb7+ Kc7 37. Nc5 Kd6 38. Na4 Be5 39. h3 Kc6
40. Kc2 Bd4 41. f3 g5 42. g3 h5 43. Kd3 Be5 44. g4 h4 45. Ke3 Bg7 46. f4 Bf6
47. f5 Be5 48. Kd3 Ba1 49. Kc2 Bf6 50. Nb2 Kd6 51. Nd3 Bc3 52. Kd1 Ke7 53. Ke2
Kf6 54. Ke3 Ke7 55. Nc5 Kf7 56. Ne6 Kf6 57. Kd3 Ba1 58. Ke3 Bc3 59. Nc5 Ke7 60.
Nd3 Kd6 61. Ke2 Ke7 62. Ne1 Bf6 63. Nd3 Bc3 64. Kf3 Kd6 65. Ke3 Kc6 66. Nc1 Bf6
67. Kd3 Kd6 68. Ne2 Kc5 69. Ng1 Kd6 70. Nf3 Kc5 71. Ke3 Bb2 72. Ne1 Bf6 73.
Nd3+ Kb5 74. Kd2 Bd4 75. Ke2 Bf6 76. Ne1 Kc5 77. Kd3 Bc3 78. Nf3 Bf6 79. Ke3
Bb2 80. Kd2 Bf6 81. Kd3 Kd6 82. Nd4 Kc5 83. Ne6+ Kd6 84. Ke3 Ke7 85. Nc7 d4+
86. Ke4 Kd6 87. Ne8+ Ke7 88. Nxf6 Kxf6 89. Kxd4 Ke7 90. Kc4 1-0